01003cam a22002775a 45000010009000000050017000090080041000260200018000670400028000850820020001131000027001332450096001602600048002563000035003045000027003395000024003665040041003906500040004316500025004716510010004966530020005067000025005269420008005519990017005599520149005761858378020160601105424.0150420s2015 enka frbd 001 0 eng d a9780273758747 aDLCbengcDLCdEG-ScBUE04222a658.87bGOW1 aGoworek, Helen.94010510aRetail marketing management :bprinciples and practice /cHelen Goworek & Peter McGoldrick. aHarlow :bPearson Education Limited,c2015. axvii, 350 p. :bill. ;c28 cm. aGlossary : p. 331-336. aIndex : p. 337-350. aIncludes bibliographical references. 7aMarketingxManagement.2BUEsh93301 0aRetail trade.2BUEsh 2BUEsh bBUSADMcMay20161 aMcGoldrick, Peter J. 2ddc c21835d21807 00102ddc40708BaccahaMAINbMAINc1STd2016-06-01ePurchaseg390.00l7m4o658.87 GOWp000032617r2025-07-15 00:00:00s2022-03-28v487.50yBB